Quiz wiedzy ogólnej #36 - Statystyki

Ogólne statystyki
  • Ten quiz został rozwiązany 1 700 razy
  • Średni wynik to 9 z 20
Statystyki odpowiedzi
Pytanie Odpowiedź % Poprawnych
Skrótem jakiego słowa jest litera "N" w akronimie ONZ? Narodów
94%
Ile samogłosek jest w języku polskim? 8
90%
Co odbywa się dwa dni przed niedzielą wielkanocną? Wielki Piątek
84%
Wśród państw, które istnały przed wybuchnięciem II WŚ, które z nich miało najwięcej ofiar w przeliczeniu na odsetek populacji? Polska
80%
Jaki gatunek ma podgatunki Bengalski i Syberyjski? Tygrys Azjatycki
77%
Co oznacza "Loch" w wyrażeniu Loch Ness? Jezioro
58%
Jaka seria gier komputerowych opowiada historię archeolożki o imieniu Lara Croft? Tomb Raider
58%
Jaki zespół muzyczny stworzył piosenkę "Na co komu dziś"? Lady Pank
56%
Mega to przeciwieństwo mikro. Co jest przeciwieństwem nano? Giga
50%
W średniowieczu większość świec była tworzona z łoju (tłuszczu wołowego). Z czego tworzono świece wyższej jakości? Z wosku
47%
Na jakim morzu się znajdziesz po przepłynięciu między Słupami Heraklesa na wschód? Morzu Śródziemnym
45%
Jaka część ciała jest zdecydowanie większa u kierowcy wyścigowego w porównaniu do zwykłego człowieka? Szyja
37%
Jaka warstwa Ziemi znajduje się pomiędzy jądrem a skorupą? Płaszcz
33%
Jakie jest hiszpańskie tłumaczenie słowa "nic"? Nada
25%
Do jakiej rasy należał Chewbacca? Do Wookiech
24%
Która z chińskich religii może zostać przetłumaczona jako "Droga"? Taoizm
19%
Jakim zwierzęciem określano następców tronu Francji? Delfinem
17%
Z jakiego państwa pochodzi język tagalog? Z Filipin
17%
Jaki złończyńca w pelerynie został zagrany przez Belę Lugosi? Hrabia Drakula
10%
Jaki brudny zawód został przedstawiony w "Mary Poppins" i "Oliverze Twiście". Kominiarz
9%
Nie znaleziono quizów pasujących do podanych kryteriów
Rozkład punktacji
Procent ludzi z każdym wynikiem
Percentyl według liczby udzielonych odpowiedzi
Twoja historia wyników
Nie rozwiązałeś tego quizu